Statistics for Most Populous Capital Cities

Click here to take the quiz!

General Stats

  • This quiz has been taken 68 times
  • The average score is 7 of 8

Answer Stats

Answer% Correct
Beijing
95%
Tokyo
95%
Mexico City
89%
Jakarta
86%
London
86%
Moscow
86%
New Delhi
75%
Seoul
70%

Score Distribution

Percentile by Number Answered

Percent of People with Each Score

Your Score History

You have not taken this quiz